MyGZULibrary

Resource alienation, militarisation, and development : (Record no. 5194)

MARC details
000 -LEADER
fixed length control field 01493cam a2200337 a 4500
001 - CONTROL NUMBER
control field 14083330
003 - CONTROL NUMBER IDENTIFIER
control field GZU
005 - DATE AND TIME OF LATEST TRANSACTION
control field 20210330094300.0
008 - FIXED-LENGTH DATA ELEMENTS--GENERAL INFORMATION
fixed length control field 041102s2002 et a b 100 0 eng
010 ## - LIBRARY OF CONGRESS CONTROL NUMBER
LC control number 2004414244
035 ## - SYSTEM CONTROL NUMBER
System control number (DLC) 2004414244
040 ## - CATALOGING SOURCE
Original cataloging agency DLC
Transcribing agency DLC
Modifying agency DLC
042 ## - AUTHENTICATION CODE
Authentication code lcode
043 ## - GEOGRAPHIC AREA CODE
Geographic area code fe-----
050 00 - LIBRARY OF CONGRESS CALL NUMBER
Classification number HD2126.Z8
Item number RES 1998
082 00 - DEWEY DECIMAL CLASSIFICATION NUMBER
Classification number 338.1/809676
Edition number 22
111 2# - MAIN ENTRY--MEETING NAME
Meeting name or jurisdiction name as entry element Regional Workshops on African Drylands
Number of part/section/meeting (3rd :
Date of meeting or treaty signing 1998 :
Location of meeting Khartoum, Sudan)
245 10 - TITLE STATEMENT
Title Resource alienation, militarisation, and development :
Remainder of title case studies from East African drylands /
Statement of responsibility, etc. edited by Mustafa Babiker.
260 ## - PUBLICATION, DISTRIBUTION, ETC.
Place of publication, distribution, etc. Addis Ababa, Ethiopia :
Name of publisher, distributor, etc. Organization for Social Science Research in Eastern and Southern Africa,
Date of publication, distribution, etc. 2002.
300 ## - PHYSICAL DESCRIPTION
Extent vii, 207 p. :
Other physical details ill. ;
Dimensions 21 cm.
500 ## - GENERAL NOTE
General note "Proceedings of the Regional Workshops on East African Drylands (Khartoum and Addis Ababa)."
500 ## - GENERAL NOTE
General note "Khartoum (8-9 December 1998) and another in Addis Ababa (9-11 March 2000)"--Pref.
504 ## - BIBLIOGRAPHY, ETC. NOTE
Bibliography, etc. note Includes bibliographical references.
650 #0 - SUBJECT ADDED ENTRY--TOPICAL TERM
Topical term or geographic name entry element Agriculture and state
Geographic subdivision Africa, East
Form subdivision Congresses.
700 1# - ADDED ENTRY--PERSONAL NAME
Personal name Babiker, Mustafa H. M.
710 2# - ADDED ENTRY--CORPORATE NAME
Corporate name or jurisdiction name as entry element Organization for Social Science Research in Eastern and Southern Africa.
711 2# - ADDED ENTRY--MEETING NAME
Meeting name or jurisdiction name as entry element Regional Workshops on African Drylands
Number of part/section/meeting (3rd :
Date of meeting or treaty signing 2000 :
Location of meeting Addis Ababa, Ethiopia)
906 ## - LOCAL DATA ELEMENT F, LDF (RLIN)
a 7
b cbc
c origode
d 3
e ncip
f 20
g y-gencatlg
942 ## - ADDED ENTRY ELEMENTS (KOHA)
Source of classification or shelving scheme Library of Congress Classification
Koha item type Books
Classification part 2126.Z8
Item part RES
Call number prefix HD
Holdings
Withdrawn status Lost status Damaged status Not for loan Collection code Home library Current library Shelving location Date acquired Total Checkouts Full call number Barcode Date last seen Copy number Price effective from Koha item type
        Non-fiction City Campus Library City Campus Library General Stacks 03/30/2021   HD2126.Z8RES1998 5904 03/30/2021 c.1 03/30/2021 Books